000 00457nam a22001937a 4500
003 MPLRDC
005 20220104150615.0
008 210129b ||||| |||| 00| 0 eng d
020 _a957-28450-9-8
082 _a413.38 HW
100 _a韩维编著
245 _a自己的肝自己救
_c
250 _a初版
260 _a
_b咖啡田
_c2003
300 _b
490 _a健康之窗. 1
650 _a脾胃肝胆疾病
942 _cBK
_o413.38 HW
999 _c51956
_d51946